000 00399ntaaa2200169 4500
003 01
005 20251027201326.0
008 0714s1973 ag 01
040 _aAR-BaBN
_bspa
_cAR-BaBN
_eaacr
_dRIC
082 _a223.2000 B64
100 _aBonnes, Jean Paul
_911528
245 _aDavid y los Salmos
250 _a1 ed. :
_bAguilar,
_cc/960
300 _a206 p.
650 _aSalmos
_91673
942 _cBK
999 _c7714
_d7714